[Event "Vilafranca del Penedes op 4th"]
[Site "Vilafranca del Penedes"]
[Date "2010.05.28"]
[Round "7.9"]
[White "Rius Marse, Josep"]
[Black "Adeyemi, Adedeji"]
[Result "1-0"]
[WhiteElo "2058"]
[BlackElo "1902"]
[PlyCount "57"]
[EventDate "2010.04.16"]
[EventType "swiss"]
[EventRounds "8"]
[EventCountry "ESP"]
[SourceTitle "EXT 2024"]
[Source "ChessBase"]
[SourceDate "2023.10.10"]
[SourceVersion "1"]
[SourceVersionDate "2023.10.10"]
[SourceQuality "1"]

1. e4 e5 2. Nf3 Nf6 3. Nc3 Nc6 4. Bb5 d6 5. h3 a6 6. Ba4 b5 7. Bb3 Na5 8. d3 Be7 9. 0-0 0-0 10. Nh2 Bb7 11. Ng4 Nxb3 12. axb3 Nxg4 13. Qxg4 Qc8 14. Nd5 Bxd5 15. exd5 f5 16. Qe2 f4 17. f3 Rf5 18. Bd2 Rg5 19. Bxf4 exf4 20. Qxe7 Rxd5 21. Rfe1 Rc5 22. c3 Rd5 23. d4 b4 24. Re4 Rf5 25. Rae1 Rf7 26. Qg5 Qf8 27. Qd5 g6 28. Qc6 bxc3 29. bxc3 1-0

[Event "Madrid Villaverde op 10th"]
[Site "Madrid"]
[Date "2009.03.26"]
[Round "4"]
[White "Vazquez Gonzalez, Jesus"]
[Black "Adeyemi, Adedeji"]
[Result "1-0"]
[WhiteElo "2044"]
[BlackElo "1909"]
[PlyCount "55"]
[EventDate "2009.03.23"]
[EventType "swiss"]
[EventRounds "8"]
[EventCountry "ESP"]
[SourceTitle "CBM 129 Extra"]
[Source "ChessBase"]
[SourceDate "2009.05.05"]
[SourceVersion "2"]
[SourceVersionDate "2009.05.20"]
[SourceQuality "1"]

1. e4 Nf6 2. Nc3 e5 3. Nf3 Nc6 4. Nxe5 Nxe5 5. d4 Ng6 6. e5 Ng8 7. Bc4 Bb4 8. Qf3 Qe7 9. 0-0 Bxc3 10. bxc3 Nh6 11. Bxh6 gxh6 12. Qe3 Qg5 13. f4 Qh4 14. f5 Ne7 15. e6 d5 16. exf7+ Kxf7 17. f6 Nf5 18. Rxf5 Bxf5 19. Qe7+ Kg6 20. Qg7+ Kh5 21. Be2+ Bg4 22. Qf7+ Kg5 23. g3 Qh5 24. h4+ Qxh4 25. gxh4+ Kxh4 26. Bxg4 Kxg4 27. Qe6+ Kg3 28. Qe5+ 1-0